000 02732nam0a2200445 4500
001 RU\NLR\BIBL_A\010564775
005 20260407105255.0
010 _a978-5-406-03924-3
_9300
021 _aRU
_b2014-80528
_94914
035 _a(NILC)RuMoRGB-007572491
035 _a(NLR Aleph) 010564775
090 _a10398058
_c10398058
100 _a20141213d2015 |||y0rusy50 ca
101 0 _arus
102 _aRU
105 _aa|||j|||001yy
200 1 _aКорпоративное право
_eучебный курс
_eучебник для студентов вузов, обучающихся по направлению "Юриспруденция" и специальности "Юриспруденция"
_f[Афанасьева Екатерина Геннадиевна, к.ю.н., доц., Бакшинскас Витаутас Юргио, к.ю.н., Губин Евгений Парфирьевич, д.ю.н., проф. и др.]
_gотв. ред.: д.ю.н., проф. И.С. Шиткина
_gМоск. гос. ун-т им. М.В. Ломоносова, Юрид. фак.
205 _a2-е изд., перераб. и доп.
210 _aМосква
_cКноРус
_d2015
_d[т. е. 2014]
215 _aXLVII, [I], 1031, [1] с.
_cил.
_d22
300 _aАвт. указаны на c. VI-VIII
300 _aФактическая дата выхода в свет: 2014
320 _aБиблиогр. в конце глав и в подстроч. примеч.
320 _aУказ. сокр.: с. XLIV-XLVIII
606 1 _aАкционерные общества
_jУчебники для высших учебных заведений
_xПравовое положение
_yРоссийская Федерация
_92071074
_3RU\NLR\AUTH\661245818
610 0 _aкорпоративное право
686 1 _aХ623.012.09я73
701 1 _aАфанасьева
_bЕ. Г.
_gЕкатерина Геннадиевна
_4070
701 1 _4070
_8rus
_7ca
_aБакшинскас
_bВ. Ю.
_f1971-
_gВитаутас Юргио
_3RU\NLR\AUTH\77994
_9111029
701 1 _4070
_8rus
_7ca
_aГубин
_bЕ.П.
_f1949-
_gЕвгений Парфирьевич
_3RU\NLR\AUTH\7726848
_99886
702 1 _4340
_8rus
_7ca
_aШиткина
_bИ. С.
_f1981-
_gИрина Сергеевна
_3RU\NLR\AUTH\7753014
_935947
712 0 2 _4570
_aМГУ им. М. В. Ломоносова
_bЮридический факультет
_3RU\NLR\AUTH\889936564
_9367934
801 0 _aRU
_bRuMoRKP
_c20110830
_gRCR
801 2 _aRU
_bРГБ
_c20141023
_grcr
801 1 _aRU
_bRuMoRKP
_c20110830
_2rusmarc
942 _cBOOK
980 _aNBR
980 _aNB